Time great discoveries (Record no. 3998)

MARC details
000 -LEADER
fixed length control field 00488nam a22001817a 4500
001 - CONTROL NUMBER
control field 3998
003 - CONTROL NUMBER IDENTIFIER
control field FISKH
005 - DATE AND TIME OF LATEST TRANSACTION
control field 20240529142335.0
008 - FIXED-LENGTH DATA ELEMENTS--GENERAL INFORMATION
fixed length control field 240529b cb ||||| |||| 00| 0 eng d
040 ## - CATALOGING SOURCE
Original cataloging agency FISKH
Language of cataloging eng
Transcribing agency FISKH
Modifying agency FISKH
082 ## - DEWEY DECIMAL CLASSIFICATION NUMBER
Classification number 509.22
100 ## - MAIN ENTRY--PERSONAL NAME
Personal name Knauer, Kelly
245 ## - TITLE STATEMENT
Title Time great discoveries
260 ## - PUBLICATION, DISTRIBUTION, ETC.
Place of publication, distribution, etc. New York :
Name of publisher, distributor, etc. Time Books,
Date of publication, distribution, etc. 2009
300 ## - PHYSICAL DESCRIPTION
Extent 121 pages :
Dimensions 28 cm
520 ## - SUMMARY, ETC.
Summary, etc. An exploration of numerous geographic and historic locations
942 ## - ADDED ENTRY ELEMENTS (KOHA)
Source of classification or shelving scheme Dewey Decimal Classification
Koha item type Books
Suppress in OPAC No
Holdings
Withdrawn status Lost status Source of classification or shelving scheme Damaged status Not for loan Collection Home library Current library Shelving location Date acquired Total Checkouts Full call number Barcode Date last seen Date last checked out Copy number Price effective from Koha item type
    Dewey Decimal Classification     Non-Fiction Footprints International School Library Network Toul Kork Campus Footprints International School Library Network Toul Kork Campus A TK Campus, 4th Floor, Room B401, Non-Fiction Bookcases(7-8) 05/29/2024 2 KNA 509.22 2024-0749 04/08/2025 02/27/2025 1 05/29/2024 Books
    Dewey Decimal Classification     Non-Fiction Footprints International School Library Network Toul Kork Campus Footprints International School Library Network Toul Kork Campus A TK Campus, 4th Floor, Room B401, Non-Fiction Bookcases(7-8) 05/29/2024   KNA 509.22 2024-0750 05/29/2024   2 05/29/2024 Books